Saltar al contenido
Inicio
Centros participantes
Catálogo
Servicios
Contacto
登錄
English
Deutsch
Español
Français
Italiano
日本語
Nederlands
Português
Português (Brasil)
中文(简体)
中文(繁體)
Türkçe
עברית
Gaeilge
Cymraeg
Ελληνικά
Català
Euskara
Русский
Čeština
Suomi
Svenska
polski
Dansk
slovenščina
اللغة العربية
বাংলা
Galego
Tiếng Việt
Hrvatski
हिंदी
Հայերէն
Українська
Sámegiella
語言
全文檢索
題名
作者
主題
索引號
ISBN/ISSN
標簽
檢索
高級檢索
El caso Nietzsche
引用
推薦此
打印
導出紀錄
導出到 RefWorks
導出到 EndNoteWeb
導出到 EndNote
加到收藏夾
Enlace Permanente
Agregar primera valuación
El caso Nietzsche
Guardado en:
書目詳細資料
主要作者:
Vincenzi, Moisés
格式:
圖書
語言:
Undetermined
出版:
San José, Costa Rica
Gutemberg
1930
主題:
FILOSOFÍA
標簽:
添加標簽
沒有標簽, 成為第一個標記此記錄!
持有資料
實物特徵
您的評論
相似書籍
職員瀏覽
MARC
LEADER
00000nam a2200000Ia 4500
008
170316s9999 xx 000 0 und d
090
|a
100 V-16c
100
|a
Vincenzi, Moisés
245
|a
El caso Nietzsche
260
|a
San José, Costa Rica
260
|b
Gutemberg
260
|c
1930
300
|a
52 páginas
650
|a
FILOSOFÍA
999
|c
17845
|d
17845
040
|a
cru BVZT
942
|c
15 D
|h
100 V-16c
|2
z
相似書籍
El caso Nietzsche
由: Vincenzi, Moises
出版: (1963)
El caso Nietzsche /
由: Vicenzi, Moisés
出版: (1963)
Nietzsche's case = El caso de Nietzsche /
由: Magnus, Bernd
出版: (1993)
Nietzsche
由: Stern, J.P
出版: (1978)
Nietzsche en España
由: Sobejano, Gonzálo
出版: (1967)